UBT Library

The morality of capitalism : (Record no. 44195)

000 -LEADER
fixed length control field 00815cam a2200265 a 4500
001 - CONTROL NUMBER
control field 17851317
005 - DATE AND TIME OF LATEST TRANSACTION
control field 20180306075713.0
008 - FIXED-LENGTH DATA ELEMENTS--GENERAL INFORMATION
fixed length control field 130814s2011 ilu b 001 0 eng d
010 ## - LIBRARY OF CONGRESS CONTROL NUMBER
LC control number 2012554120
020 ## - INTERNATIONAL STANDARD BOOK NUMBER
International Standard Book Number 9780898031706 (pbk.)
020 ## - INTERNATIONAL STANDARD BOOK NUMBER
International Standard Book Number 0898031702
035 ## - SYSTEM CONTROL NUMBER
System control number (OCoLC)ocn749853673
040 ## - CATALOGING SOURCE
Original cataloging agency BTCTA
Language of cataloging eng
Transcribing agency BTCTA
Modifying agency TLE
-- SJG
-- DLC
041 ## - LANGUAGE CODE
Language code of text/sound track or separate title eng
042 ## - AUTHENTICATION CODE
Authentication code lccopycat
080 ## - UNIVERSAL DECIMAL CLASSIFICATION NUMBER
Universal Decimal Classification number 530.14 PAL
082 ## - DEWEY DECIMAL CLASSIFICATION NUMBER
Classification number 530.14 PAL
100 ## - Rafti
Rafti 59
101 ## - Shkurtesa
Shkurtesa KAP
245 04 - TITLE STATEMENT
Title The morality of capitalism :
Statement of responsibility, etc edited by Tom G. Palmer.
504 ## - BIBLIOGRAPHY, ETC. NOTE
Bibliography, etc Includes bibliographical references and index.
906 ## - LOCAL DATA ELEMENT F, LDF (RLIN)
a 7
b cbc
c copycat
d 3
e ncip
f 20
g y-gencatlg
942 ## - ADDED ENTRY ELEMENTS (KOHA)
Source of classification or shelving scheme
Item type Books
Holdings
Withdrawn status Lost status Source of classification or shelving scheme Damaged status Not for loan Collection code Permanent location Current location Shelving location Date acquired Total Checkouts Full call number Barcode Date last seen Price effective from Koha item type
          Koleksioni i përgjithshem UBT - Lipjan UBT - Lipjan Koleksioni i përgjithshem 03/06/2018   530.14 PAL 002-3001132 03/06/2018 03/06/2018 Books
UBT Library © 2015-2024. All rights reserved University Education for Business and Technology